Autoritäre Demokratie und instabile Identitäten (Record no. 5798)

MARC details
000 -LEADER
fixed length control field 00596nam a22001937i 4500
001 - CONTROL NUMBER
control field 6160
003 - CONTROL NUMBER IDENTIFIER
control field OSt
005 - DATE AND TIME OF LATEST TRANSACTION
control field 20180910131150.0
008 - FIXED-LENGTH DATA ELEMENTS--GENERAL INFORMATION
fixed length control field 161220s1996 au ||||| |||| 00| 00ger d
024 7# - OTHER STANDARD IDENTIFIER
Standard number or code 6160
Source of number or code RID
024 7# - OTHER STANDARD IDENTIFIER
Standard number or code 6160
Source of number or code RSN (alt)
040 ## - CATALOGING SOURCE
Transcribing agency OSt
041 ## - LANGUAGE CODE
Language code of text/sound track or separate title ger
100 1# - MAIN ENTRY--PERSONAL NAME
Personal name Mangott, Gerhard
245 00 - TITLE STATEMENT
Title Autoritäre Demokratie und instabile Identitäten
Remainder of title Russland auf der Suche nach Stabilität und innerer wie äußerer Sicherheit
260 ## - PUBLICATION, DISTRIBUTION, ETC.
Place of publication, distribution, etc. Wien :
Name of publisher, distributor, etc. Österreichisches Institut für Internationale Politik (OIIP),
Date of publication, distribution, etc. 1996.
490 ## - SERIES STATEMENT
Series statement OIIP - Arbeitspapier
Volume/sequential designation 12
942 ## - ADDED ENTRY ELEMENTS (KOHA)
Koha item type Paper
Holdings
Withdrawn status Lost status Damaged status Not for loan Home library Current library Shelving location Date acquired Inventory number Total Checkouts Barcode Date last seen Price effective from Koha item type
        WIIW WIIW Library 08/04/2004 6160   10001635 01/26/2017 01/26/2017 Paper
The Vienna Instiute for International Economic Studies (wiiw)